00665cam a22002171 4500001001300000003000400013005001700017008004100034010001700075035002000092040002300112042001200135050002000147100004300167245007000210260005100280300003100331546001400362504004000376600003100416sa 67003704 DLC20260227112340.0890619s1965 ii b 000 0 hino  asa 67003704  a(OCoLC)19891919 aDLCcWaUdNRUdDLC apremarc00aPK2095.S8bZ8471 aŚarmā, Haravaṃśalāla,d1915-10aSūra aura unakī sāhitya.cLekhaka Harabansalāla Sharmā. aAlīgaḍha,bBhārata Prakāśanac[1965] a22, 379, 37, 20 p.c25 cm. aIn Hindi. aBibliography: p. 16-20 (last group)00aSūradāsa,d1483?-1563?